000 00337nam a22001457a 4500
008 210224b ||||| |||| 00| 0 eng d
020 _a2900132971293
041 _aeng
080 _212th
_a33
082 _a33
100 _a59
101 _aBIZ
245 _aBussines Communication Today
_cBovee, C. L & Thill, J, V
942 _2udc
_cBK
999 _c55148
_d55148